000 00288nam a2200097Ia 4500
005 20250424112832.0
008 250424s9999 xx 000 0 und d
300 _a248 p. : ill. ; 28 cm.
650 _aFinance--Study and teaching--Periodicals. Business education--Periodicals.
942 _cSR
999 _c37415
_d37415